000 00354nam a22001697a 4500
003 UA-OsUOA
001 1528
007 ta
008 20050721b un ||||| |||| 00| 0 ukr d
100 _aHogan
700 _aJames
942 _cBK
040 _aUA-OsUOA
_cUA-OsUOA
_dUA-OsUOA
245 _aCode of the Hipe Maker
_bFiction
955 _a2
650 7 _2UDC
999 _c287690
_d287690